00626nam a2200193Ia 4500003000400000005001700004008004100021040000700062041000800069082001600077100006000093245006300153260001700216300000900233650002300242942001300265999001900278952013500297OSt20251030152209.0250729s2005 xx 000 0 und d cAL akan a370.15 GOVS aಗೋವಿಂದರಾವ್ ಎ ವಿ9223630 aಶಿಕ್ಶಣದ ಮನೋವಿಜ್ನಾನ aMysorec2005 a286p aPsychology9223631 2ddccBED c236004d236004 00104070aALbALd2025-07-29eSchool Book Companyg100.00l0o370.15 GOVSpBED01323r2025-07-29 16:54:30v100.00w2025-07-29yBK